La falta de servicio. Criterios y casuísticas jurisprudenciales.
Guardado en:
| Autor principal: | |
|---|---|
| Formato: | Desconocido |
| Lenguaje: | inglés |
| Publicado: |
Santiago, Chile:
Libromar,
2022.
|
| Materias: | |
| Etiquetas: |
Agregar Etiqueta
Sin Etiquetas, Sea el primero en etiquetar este registro!
|
MARC
| LEADER | 00000 a2200000 4500 | ||
|---|---|---|---|
| 003 | CL-VaPUC | ||
| 005 | 20221216074158.0 | ||
| 008 | 220912t2022 ||||| |||| 00| 0 eng d | ||
| 999 | |c 438637 |d 438635 | ||
| 020 | |a 978-956-6170-10-5 | ||
| 040 | |c Pontificia Universidad Católica de Valparaíso | ||
| 082 | |2 22 |a 342.83088 ZAV 2022 | ||
| 100 | |a Zavala Ortiz, José Luis |9 556612 |e autor | ||
| 245 | |a La falta de servicio. |b Criterios y casuísticas jurisprudenciales. | ||
| 260 | |a Santiago, Chile: |b Libromar, |c 2022. | ||
| 300 | |a 257 páginas. | ||
| 583 | |k Cristina María Rojas Aguilar |c 20220912 | ||
| 650 | 0 | |9 876538 |a Responsabilidad gubernamental |x Servicios públicos |z Chile | |
| 650 | 0 | |9 254851 |a Derecho administrativo |x Servicios |z Chile | |
| 650 | 0 | |a Administración del Estado |x Servicios |x Legislación |z Chile |9 391238 | |
| 942 | |2 ddc |c BK | ||
| 952 | |0 0 |1 0 |2 ddc |4 0 |6 342_830880000000000_ZAV_2022 |7 0 |8 A |9 586627 |a BIBDER |b BIBDER |c GEN |d 2022-09-08 |e 22 |g 28600.00 |i 5654588 |l 3 |m 2 |o 342.83088 ZAV 2022 |p 5654588 |r 2023-10-02 |s 2023-10-02 |t 1 |v 28600.00 |w 2022-09-08 |y BK |k DER | ||